[Event "Østlandsserien 1999/2000, 3. div. B"]
[Site "Oslo NOR"]
[Date "1999.12.05"]
[Round "2"]
[White "Simonsen, Steinar"]
[Black "Lindblom, Steinar"]
[Result "0-1"]
[WhiteElo "1545"]
[BlackElo "2023"]
[PlyCount "66"]
[EventDate "1999.11.07"]
[Board "1"]
[WhiteTeam "Follo 3"]
[BlackTeam "OSS 3"]

1. e4 c6 2. d4 d5 3. Nc3 dxe4 4. Nxe4 Nf6 5. Nxf6+ gxf6 6. Be3 Bf5 7. Bd3 Bxd3
8. Qxd3 Qa5+ 9. Bd2 Qc7 10. O-O-O e6 11. Ne2 Nd7 12. f4 f5 13. Rhe1 O-O-O 14.
Bc3 Rg8 15. Qf3 Nf6 16. g3 Bd6 17. a3 h5 18. Bb4 h4 19. Bxd6 Qxd6 20. gxh4 Rg4
21. Rd3 Rxh4 22. Qf2 Rdh8 23. d5 Nxd5 24. c4 Rxh2 25. Qxa7 Rxe2 26. Rxe2 Qxf4+
27. Kc2 Qxc4+ 28. Kd2 Rh1 29. Qa8+ Kc7 30. Qa5+ Kd7 31. Qc3 Qf4+ 32. Ree3 Qxe3+
33. Rxe3 Nxc3 0-1

[Event "Østlandsserien 1999/2000, 3. div. B"]
[Site "Oslo NOR"]
[Date "1999.12.05"]
[Round "2"]
[White "Wibe, Per"]
[Black "Furnes, Torstein"]
[Result "1/2-1/2"]
[WhiteElo "1611"]
[BlackElo "1488"]
[PlyCount "139"]
[EventDate "1999.11.07"]
[Board "2"]
[WhiteTeam "OSS 3"]
[BlackTeam "Follo 3"]

1. e4 c5 2. Nf3 Nc6 3. d4 cxd4 4. Nxd4 d6 5. Nc3 Nf6 6. Be2 g6 7. Be3 Bg7 8.
O-O O-O 9. Nxc6 bxc6 10. f4 d5 11. e5 Nd7 12. Qe1 e6 13. Rd1 c5 14. Bc1 Qb6 15.
Kh1 a6 16. Bg4 f5 17. Bf3 Bb7 18. Na4 Qc7 19. Qf2 Rac8 20. b3 Nb6 21. Nb2 Rfd8
22. Bd2 Nd7 23. Qe1 Re8 24. Ba5 Qb8 25. Nc4 dxc4 26. Rxd7 Bxf3 27. Rxf3 Qb5 28.
Qd2 cxb3 29. cxb3 c4 30. h4 cxb3 31. Rxb3 Qf1+ 32. Kh2 Bh6 33. Rf3 Qb1 34. Bc7
Qe4 35. Kg3 Qc6 36. Rc3 Qa4 37. Rd4 Qb5 38. a4 Qb7 39. Rd7 Qb1 40. Rc1 Qb3+ 41.
Rc3 Qxa4 42. Rd4 Qb5 43. Bd8 Rxc3+ 44. Qxc3 Qe2 45. Bg5 Bxg5 46. hxg5 Qg4+ 47.
Kh2 Qh4+ 48. Kg1 Rb8 49. Rb4 Rxb4 50. Qxb4 Qg3 51. Qb8+ Kf7 52. Qc7+ Kg8 53.
Qd8+ Kf7 54. Qf6+ Ke8 55. Qxe6+ Kd8 56. Qg8+ Ke7 57. Qxh7+ Kd8 58. Qg8+ Ke7 59.
Qh7+ Kd8 60. Qg8+ Ke7 61. Qg7+ Kd8 62. Qf6+ Kc7 63. Qd6+ Kb7 64. Qd2 Qb3 65.
Qd7+ Kb6 66. Qd6+ Kb7 67. Kh2 Qe3 68. e6 Qe1 69. Qd5+ Kb6 70. Qb3+ 1/2-1/2

[Event "Østlandsserien 1999/2000, 3. div. B"]
[Site "Fredrikstad, Østfold NOR"]
[Date "2000.01.23"]
[Round "4"]
[White "Nilsen, Tore"]
[Black "Furnes, Torstein"]
[Result "1/2-1/2"]
[WhiteElo "1485"]
[BlackElo "1437"]
[PlyCount "99"]
[EventDate "1999.11.07"]
[Board "4"]
[WhiteTeam "Fredriksstad 2"]
[BlackTeam "Follo 3"]

1. e4 c5 2. Nf3 Nc6 3. d4 cxd4 4. Nxd4 e5 5. Nb3 Nf6 6. Bc4 Be7 7. Nc3 O-O 8.
a3 d6 9. f3 Be6 10. Nd5 Rc8 11. Be3 Bxd5 12. Bxd5 Nxd5 13. Qxd5 Qc7 14. O-O Kh8
15. c3 f5 16. Nd2 f4 17. Bf2 g5 18. g4 fxg3 19. hxg3 Qd7 20. Kg2 g4 21. Be3
gxf3+ 22. Nxf3 Qg4 23. Rf2 Rg8 24. Kf1 Qxg3 25. Ke2 Rcf8 26. Rg1 Qh3 27. Rxg8+
Rxg8 28. Rh2 Rg2+ 29. Rxg2 Qxg2+ 30. Bf2 Qg4 31. b4 a6 32. a4 Qg8 33. Qd2 Qc4+
34. Qd3 Qa2+ 35. Ke3 Qxa4 36. Bh4 Bxh4 37. Nxh4 Qa1 38. Kd2 Qb2+ 39. Kd1 Qa1+
40. Kd2 Qa2+ 41. Kc1 Qe6 42. Nf5 Qb3 43. Kd2 Qa2+ 44. Kc1 Qa3+ 45. Kd2 Qb2+ 46.
Kd1 Qg2 47. Qxd6 Qf3+ 48. Kd2 Qf2+ 49. Kc1 Qe1+ 50. Kb2 1/2-1/2

[Event "Østlandsserien 1999/2000, 3. div. B"]
[Site "Ås (Holstad), Akershus NOR"]
[Date "2000.02.13"]
[Round "5"]
[White "Andersen, Harry"]
[Black "Bekkelien, Glenn Lewi"]
[Result "1-0"]
[WhiteElo "1710"]
[BlackElo "1632"]
[PlyCount "63"]
[EventDate "1999.11.07"]
[Board "1"]
[WhiteTeam "Sarpsborg 2"]
[BlackTeam "Follo 3"]

1. e4 c6 2. d4 d5 3. e5 Bf5 4. Nc3 e6 5. g4 Bg6 6. Nge2 Nd7 7. Ng3 c5 8. f4
cxd4 9. Nb5 h6 10. f5 Bh7 11. Qxd4 a6 12. Nd6+ Bxd6 13. exd6 Ngf6 14. Bd2 Qb6
15. Qxb6 Nxb6 16. O-O-O O-O-O 17. Bb4 Nxg4 18. Rg1 Ne3 19. fxe6 fxe6 20. Rd2
Nbc4 21. Re2 Nxf1 22. Rxf1 Rhe8 23. Rf7 Rd7 24. Re7 Nxd6 25. R7xe6 Rxe6 26.
Rxe6 Nb5 27. Re8+ Kc7 28. Nh5 Bg6 29. Re5 Nd4 30. Nf4 Nxc2 31. Ba5+ b6 32. Nxg6
1-0

[Event "Østlandsserien 1999/2000, 3. div. B"]
[Site "Ås (Holstad), Akershus NOR"]
[Date "2000.02.13"]
[Round "5"]
[White "Simonsen, Steinar"]
[Black "Lunde, Sigmund"]
[Result "1/2-1/2"]
[WhiteElo "1543"]
[BlackElo "1599"]
[PlyCount "121"]
[EventDate "1999.11.07"]
[Board "2"]
[WhiteTeam "Follo 3"]
[BlackTeam "Sarpsborg 2"]

1. e4 c5 2. Nf3 Nc6 3. d4 cxd4 4. Nxd4 Nf6 5. Nc3 Qa5 6. Nxc6 bxc6 7. Bd3 e5 8.
O-O Be7 9. f4 d6 10. f5 d5 11. exd5 Qb6+ 12. Kh1 cxd5 13. Bb5+ Kf8 14. a4 d4
15. Ne2 a6 16. Bc4 Bb7 17. Ng3 Qc6 18. Qe2 Rc8 19. b3 Ng4 20. Qf3 Qxf3 21. gxf3
Bh4 22. Kg1 Nf6 23. Ba3+ Kg8 24. Bd6 Nd7 25. Rae1 Bg5 26. Ne4 Bf4 27. Re2 h5
28. Rg2 Bxe4 29. fxe4 Rh6 30. Rg6 Rc6 31. Rxh6 Bxh6 32. Be7 Nb6 33. Bd3 f6 34.
Rf3 Kf7 35. Bd8 Be3+ 36. Kf1 Nc8 37. Rh3 g6 38. Bc4+ Kg7 39. fxg6 Kxg6 40. Rg3+
Kh6 41. Rf3 Bf4 42. Rf2 h4 43. Bd5 Rc3 44. Bxf6 Nb6 45. Bg8 h3 46. Be7 Kg7 47.
Be6 d3 48. cxd3 Rxd3 49. a5 Nd7 50. Bc4 Rd1+ 51. Ke2 Ra1 52. Be6 Nb8 53. Bxh3
Ra2+ 54. Kf3 Rxf2+ 55. Kxf2 Nc6 56. Bc5 Nxa5 57. b4 Nb3 58. Be6 Nxc5 59. bxc5
Kf6 60. Bc4 Bxh2 61. Bxa6 1/2-1/2

[Event "Østlandsserien 1999/2000, 3. div. B"]
[Site "Ås (Holstad), Akershus NOR"]
[Date "2000.02.13"]
[Round "5"]
[White "Rangøy, Tormod"]
[Black "Moberg, Jan Rune"]
[Result "1-0"]
[WhiteElo "1617"]
[BlackElo "1523"]
[PlyCount "67"]
[EventDate "1999.11.07"]
[Board "3"]
[WhiteTeam "Sarpsborg 2"]
[BlackTeam "Follo 3"]

1. e4 e5 2. Nf3 d6 3. d4 Nd7 4. Bc4 Be7 5. O-O c6 6. c3 Ngf6 7. Re1 O-O 8. h3
Qc7 9. Bb3 b5 10. Bg5 Bb7 11. Nbd2 a6 12. Rc1 Rac8 13. c4 Qb8 14. Nf1 h6 15.
Bh4 Rfe8 16. Bg3 exd4 17. Nxd4 c5 18. Nf5 Nxe4 19. Nxe7+ Rxe7 20. Bxd6 Nxd6 21.
Rxe7 Rd8 22. cxb5 axb5 23. Ng3 Nf6 24. Qe2 c4 25. Bc2 Nd5 26. Re5 f6 27. Re4
Nxe4 28. Qxe4 Nf4 29. Qh7+ Kf7 30. Nf5 Ne2+ 31. Kf1 Nxc1 32. Qxg7+ Ke6 33. Qe7+
Kd5 34. Be4# 1-0

[Event "Østlandsserien 1999/2000, 3. div. B"]
[Site "Ås (Holstad), Akershus NOR"]
[Date "2000.02.13"]
[Round "5"]
[White "Furnes, Torstein"]
[Black "Johansen, Tom R"]
[Result "1-0"]
[WhiteElo "1437"]
[BlackElo "1108"]
[PlyCount "105"]
[EventDate "1999.11.07"]
[Board "4"]
[WhiteTeam "Follo 3"]
[BlackTeam "Sarpsborg 2"]

1. d4 d5 2. c4 e5 3. e3 Bb4+ 4. Bd2 Bxd2+ 5. Qxd2 exd4 6. Qxd4 Nf6 7. Qe5+ Be6
8. cxd5 Qxd5 9. Qxc7 O-O 10. Nc3 Qc6 11. Qxc6 Nxc6 12. Nf3 Nb4 13. Nd4 Bg4 14.
a3 Nbd5 15. Nxd5 Nxd5 16. Bc4 Nb6 17. Be2 Bxe2 18. Kxe2 Rfe8 19. Rac1 Rad8 20.
Rhd1 Na4 21. b3 Nb6 22. Kf1 Rc8 23. Nb5 Rxc1 24. Rxc1 Rc8 25. Rxc8+ Nxc8 26.
Ke2 a6 27. Nd4 g6 28. g4 Kf8 29. Kf3 Ke7 30. Kf4 Nd6 31. h4 h6 32. g5 h5 33.
Ke5 Ne8 34. f4 Nd6 35. f5 Ne8 36. e4 f6+ 37. gxf6+ Nxf6 38. fxg6 Ng4+ 39. Kf5
Kf8 40. Kg5 Nf2 41. e5 Nd3 42. e6 Nc5 43. Kxh5 Nxb3 44. Nxb3 b5 45. Kg5 a5 46.
Nxa5 b4 47. axb4 Ke7 48. g7 Kxe6 49. g8=Q+ Ke7 50. Qd5 Ke8 51. Qb7 Kd8 52. Nc6+
Ke8 53. Qe7# 1-0

[Event "Østlandsserien 1999/2000, 3. div. B"]
[Site "Fredrikstad, Østfold NOR"]
[Date "2000.03.11"]
[Round "6"]
[White "Ludvigsen, Jan"]
[Black "Simonsen, Steinar"]
[Result "1-0"]
[WhiteElo "1614"]
[BlackElo "1543"]
[PlyCount "89"]
[EventDate "1999.11.07"]
[Board "2"]
[WhiteTeam "Fredriksstad 1"]
[BlackTeam "Follo 3"]

1. e4 e5 2. Nf3 Nc6 3. Bc4 d6 4. c3 Nf6 5. d3 Be7 6. O-O O-O 7. Bb3 Bg4 8. Nbd2
Qd7 9. h3 Bh5 10. Re1 Rad8 11. Nf1 d5 12. Ng3 Bg6 13. exd5 Nxd5 14. Nxe5 Nxe5
15. Rxe5 Nf6 16. d4 c5 17. Bg5 cxd4 18. cxd4 h6 19. Bh4 a6 20. Qf3 Qc7 21. Ne2
Rfe8 22. Qg3 Kh7 23. Qe3 Ng8 24. Nf4 Nf6 25. Bxf6 gxf6 26. Nd5 Qd6 27. Rxe7
Rxe7 28. Qxe7 Qxe7 29. Nxe7 Rxd4 30. Rd1 Re4 31. Nxg6 fxg6 32. Rd7+ Kh8 33.
Rxb7 Re1+ 34. Kh2 Re2 35. Kg3 Rxb2 36. Rb8+ Kg7 37. Rg8+ Kh7 38. Ra8 h5 39.
Rxa6 h4+ 40. Kf3 Kg7 41. Rb6 g5 42. a4 f5 43. a5 g4+ 44. hxg4 fxg4+ 45. Kxg4
1-0

[Event "Østlandsserien 1999/2000, 3. div. B"]
[Site "Fredrikstad, Østfold NOR"]
[Date "2000.03.11"]
[Round "6"]
[White "Moberg, Jan Rune"]
[Black "Nilsen, Per H"]
[Result "1-0"]
[WhiteElo "1523"]
[BlackElo "1661"]
[PlyCount "109"]
[EventDate "1999.11.07"]
[Board "3"]
[WhiteTeam "Follo 3"]
[BlackTeam "Fredriksstad 1"]

1. Nf3 Nf6 2. d4 d5 3. Bg5 e6 4. e3 Be7 5. Bd3 Nbd7 6. Nbd2 O-O 7. O-O b6 8.
Qe2 a6 9. h3 c5 10. c3 Bb7 11. Bf4 Ne4 12. Kh1 f6 13. Rg1 Qc8 14. Rac1 e5 15.
dxe5 fxe5 16. Nxe5 Nxe5 17. Bxe5 Nxf2+ 18. Kh2 Nxd3 19. Qxd3 Qe6 20. Bf4 h5 21.
Nf3 Rf5 22. g4 hxg4 23. Rxg4 Rh5 24. Rcg1 Kh8 25. Qe2 Rf8 26. Qg2 Bc8 27. Rh4
Qxh3+ 28. Rxh3 Rxh3+ 29. Qxh3+ Bxh3 30. Kxh3 Rf5 31. Kg4 g6 32. Nh4 Bxh4 33.
Kxh4 Kg7 34. Rg5 Kf6 35. Kg4 Rxg5+ 36. Bxg5+ Ke5 37. Kf3 Kf5 38. Bd8 b5 39. b3
g5 40. Bc7 g4+ 41. Ke2 Ke4 42. Bb6 c4 43. b4 Kf5 44. Bc7 Ke4 45. Bg3 Kf5 46.
Bd6 Ke6 47. Bc5 Kf5 48. Kf2 Kg6 49. Kg3 Kg5 50. Bd4 Kf5 51. Kh4 g3 52. Kxg3 Kg5
53. Kf3 Kf5 54. Bh8 Kg5 55. e4 1-0

[Event "Østlandsserien 1999/2000, 3. div. B"]
[Site "Fredrikstad, Østfold NOR"]
[Date "2000.03.11"]
[Round "6"]
[White "Livendahl, Rolf"]
[Black "Furnes, Torstein"]
[Result "1-0"]
[WhiteElo "1285"]
[BlackElo "1437"]
[PlyCount "83"]
[EventDate "1999.11.07"]
[Board "4"]
[WhiteTeam "Fredriksstad 1"]
[BlackTeam "Follo 3"]

1. d4 d5 2. Bf4 Nf6 3. Nf3 e6 4. e3 c5 5. c3 Nc6 6. Bb5 Qb6 7. Bxc6+ bxc6 8.
Qc2 Ba6 9. Nbd2 Be7 10. b3 O-O 11. c4 cxd4 12. exd4 c5 13. dxc5 Bxc5 14. O-O
Rac8 15. Rab1 Bd6 16. Bxd6 Qxd6 17. Rfe1 Rc7 18. Rbd1 Rfc8 19. Ne4 Qf4 20.
Nxf6+ Qxf6 21. Ne5 dxc4 22. bxc4 Bxc4 23. Qa4 Bd5 24. Ng4 Qd8 25. Ne3 h6 26. h3
Qd7 27. Qh4 Qb5 28. Ng4 f5 29. Ne5 Qb2 30. Ng6 Qb7 31. a3 Kh7 32. Qh5 Bxg2 33.
Nf4 Bf3 34. Qg6+ Kh8 35. Rb1 Qa6 36. Rxe6 Qxa3 37. Re8+ Rxe8 38. Qxe8+ Kh7 39.
Qg6+ Kh8 40. Qe8+ Kh7 41. Qg6+ Kg8 42. Rb8+ 1-0

[Event "Østlandsserien 1999/2000, 4. div. B"]
[Site "Sarpsborg, Østfold NOR"]
[Date "1999.11.07"]
[Round "1"]
[White "Bakken, Svein-Erik"]
[Black "Fosby, Frode"]
[Result "1-0"]
[WhiteElo "1337"]
[BlackElo "1276"]
[PlyCount "53"]
[EventDate "1999.11.07"]
[Board "1"]
[WhiteTeam "Follo 4"]
[BlackTeam "Sarpsborg 3"]

1. d4 Nf6 2. c4 e6 3. Nc3 Bb4 4. Bg5 d5 5. e3 Nbd7 6. Nf3 c6 7. Bd3 dxc4 8.
Bxc4 Nb6 9. Bb3 Nbd5 10. Rc1 Bxc3+ 11. bxc3 Qa5 12. Qd3 b6 13. O-O Ba6 14. c4
O-O 15. Rfd1 h6 16. Bh4 g5 17. Bg3 Nb4 18. Qb1 Rfd8 19. Qb2 Ne4 20. a3 Bb7 21.
axb4 Qxb4 22. Nd2 Nxg3 23. fxg3 c5 24. Nf3 Rac8 25. Ra1 a5 26. Ra4 Qxa4 27.
Bxa4 1-0

[Event "Østlandsserien 1999/2000 4B"]
[Site "Oslo"]
[Date "2000.01.23"]
[Round "3.2"]
[White "Bakken, Svein-Erik"]
[Black "Abusdal, Ivar"]
[Result "1/2-1/2"]
[WhiteElo "1346"]
[BlackElo "1322"]
[PlyCount "62"]
[EventDate "2002.11.10"]
[WhiteTeam "Follo 4"]
[BlackTeam "Nordstrand 4"]

1. d4 g6 2. c4 Bg7 3. Nc3 d6 4. e4 Nc6 5. Be3 e5 6. dxe5 dxe5 7. Qxd8+ Nxd8 8.
Nd5 Ne6 9. Nf3 c6 10. Nb4 f6 11. Be2 Bh6 12. Bxh6 Nxh6 13. O-O Ke7 14. Rfd1 Nf7
15. Nc2 a5 16. Nfe1 Rd8 17. Rxd8 Nfxd8 18. Rd1 Nc5 19. f3 Nde6 20. g3 Bd7 21.
Kf2 Rd8 22. Ke3 Be8 23. Rxd8 Nxd8 24. f4 Nde6 25. Nf3 Kd6 26. a3 a4 27. Nb4 Bf7
28. Nd3 Nxd3 29. Bxd3 Nc5 30. fxe5+ fxe5 31. Nd2 Ne6 1/2-1/2

[Event "Østlandsserien 1999/2000 4B"]
[Site "Oslo"]
[Date "2000.01.23"]
[Round "3.2"]
[White "Flo, Steinar"]
[Black "Olsen, Trygve"]
[Result "1-0"]
[WhiteElo "1376"]
[BlackElo "1273"]
[PlyCount "99"]
[EventDate "2002.11.10"]
[WhiteTeam "Nordstrand 4"]
[BlackTeam "Follo 4"]

1. d4 d6 2. e4 Nd7 3. Nf3 c5 4. Nc3 cxd4 5. Nxd4 e5 6. Nf5 Nc5 7. Bb5+ Bd7 8.
Nxd6+ Bxd6 9. Qxd6 Qe7 10. Bxd7+ Nxd7 11. Qd5 Ngf6 12. Qxb7 O-O 13. Nd5 Nxd5
14. Qxd5 Nf6 15. Qd3 Qb4+ 16. c3 Qxe4+ 17. Qxe4 Nxe4 18. O-O Nc5 19. b3 Nd3 20.
Be3 a6 21. Rad1 Rad8 22. Rd2 f5 23. f3 h5 24. Bb6 Rd7 25. Rfd1 e4 26. fxe4 fxe4
27. Re2 Re8 28. Bd4 Kf7 29. Rf1+ Kg6 30. Re3 h4 31. g3 Ne5 32. Rf4 Rf7 33. Bxe5
Rxf4 34. gxf4 Kf5 35. c4 g5 36. Bd6 gxf4 37. Re1 h3 38. c5 Rg8+ 39. Kf1 Rg2 40.
Re2 Rg8 41. c6 e3 42. c7 Ke4 43. Rc2 Rc8 44. Rc4+ Kd3 45. Rxf4 Kd2 46. Rd4+ Kc3
47. Rd5 Rg8 48. Bg3 e2+ 49. Kxe2 Re8+ 50. Kd1 1-0

[Event "Østlandsserien 1999/2000 4B"]
[Site "Oslo"]
[Date "2000.01.23"]
[Round "3.3"]
[White "Skaug, Thorbjørn"]
[Black "Ugland, Torge"]
[Result "1/2-1/2"]
[WhiteElo "1152"]
[BlackElo "1298"]
[PlyCount "43"]
[EventDate "2002.11.10"]
[WhiteTeam "Follo 4"]
[BlackTeam "Nordstrand 4"]

1. b4 d5 2. Bb2 e6 3. e3 Nf6 4. b5 b6 5. Nf3 Nbd7 6. c4 Bb7 7. Nc3 Be7 8. Qc2
O-O 9. cxd5 Nxd5 10. Nxd5 Bxd5 11. Be2 Bf6 12. O-O Bxb2 13. Qxb2 c5 14. bxc6
Bxc6 15. Rac1 Bb7 16. d4 Nf6 17. Ne5 Rc8 18. Rxc8 Qxc8 19. Rc1 Qa8 20. Bf3 Bxf3
21. Nxf3 Rc8 22. Ne5 1/2-1/2

[Event "Østlandsserien 1999/2000 4B"]
[Site "Halden"]
[Date "2000.01.23"]
[Round "3.4"]
[White "Skuggevik, Kåre"]
[Black "Delphin, Nils Håkon"]
[Result "1/2-1/2"]
[WhiteElo "1309"]
[BlackElo "1130"]
[PlyCount "93"]
[EventDate "2002.11.10"]
[WhiteTeam "Nordstrand 4"]
[BlackTeam "Follo 4"]

1. Nf3 d5 2. d4 Nf6 3. Nc3 Bf5 4. e3 e6 5. a3 c5 6. Bb5+ Nbd7 7. O-O a6 8.
Bxd7+ Qxd7 9. h3 Bd6 10. Ne5 Qc7 11. f4 Ne4 12. Nxe4 Bxe4 13. c3 f6 14. Ng4 c4
15. a4 O-O 16. Bd2 Qb6 17. Bc1 Qc7 18. Qe1 Qf7 19. Nf2 Bg6 20. e4 Rfe8 21. e5
Bc7 22. Ng4 Bd3 23. Qg3 Kh8 24. Rf2 Qg6 25. Qh2 Bd8 26. Bd2 f5 27. Ne3 Bh4 28.
Be1 Bg3 29. Qh1 Bxf2+ 30. Bxf2 b5 31. Kh2 Reb8 32. Qb1 b4 33. Be1 b3 34. Bf2
Qh6 35. g3 Qh5 36. Qe1 Rg8 37. Ng2 Qf3 38. Qe3 Qe4 39. Re1 Qxe3 40. Bxe3 h6 41.
Rg1 g6 42. Bd2 Kg7 43. Be3 Rh8 44. Bd2 Rh7 45. Be3 Rah8 46. Bd2 h5 47. h4
1/2-1/2

[Event "Østlandsserien 4B"]
[Site ""]
[Date "2000.02.13"]
[Round "?"]
[White "Bakken, Svein-Erik"]
[Black "Bjørgvik, Jan Arne"]
[Result "1/2-1/2"]
[WhiteElo "1346"]
[BlackElo "1613"]
[PlyCount "81"]
[WhiteTeam "Follo 4"]
[BlackTeam "Moss 1"]

1. d4 d5 2. c4 e6 3. Nc3 Bb4 4. Nf3 Nf6 5. Bg5 c5 6. Rc1 Qa5 7. Bxf6 gxf6 8.
cxd5 Qxa2 9. dxc5 Qxb2 10. Qc2 Qxc2 11. Rxc2 exd5 12. e3 Bf5 13. Bb5+ Kf8 14.
Rc1 a6 15. Be2 Nc6 16. O-O Bxc3 17. Rxc3 Re8 18. Re1 Kg7 19. Bd3 d4 20. exd4
Nxd4 21. Rxe8 Rxe8 22. Nxd4 Bxd3 23. f3 Re1+ 24. Kf2 Rd1 25. Ke3 Bf1 26. Nf5+
Kf8 27. Nd6 Rb1 28. Kf2 Bb5 29. Nxb7 Ke7 30. c6 Bxc6 31. Rxc6 Rxb7 32. Rxa6
Rb2+ 33. Kg3 Rb4 34. h4 Rb5 35. Kh3 h5 36. g4 hxg4+ 37. Kxg4 Rb1 38. h5 Rg1+
39. Kf4 Rh1 40. Ra5 Kf8 41. Kg4 1/2-1/2

[Event "Østlandsserien 4B"]
[Site ""]
[Date "2000.02.13"]
[Round "4.2"]
[White "Jenssen, Ove"]
[Black "Olsen, Trygve"]
[Result "1-0"]
[WhiteElo "1346"]
[BlackElo "1613"]
[PlyCount "43"]
[WhiteTeam "Moss 1"]
[BlackTeam "Follo 4"]

1. e4 c5 2. Nf3 Nc6 3. c3 e6 4. d4 d5 5. e5 Qb6 6. Bd3 cxd4 7. cxd4 Nxd4 8.
Nxd4 Qxd4 9. Bb5+ Bd7 10. Bxd7+ Kxd7 11. Qxd4 Ne7 12. Nc3 Nc6 13. Qf4 Ke8 14.
O-O a6 15. Be3 b5 16. a3 Rd8 17. Ne2 Ne7 18. Rac1 Rd7 19. Rc2 Ng6 20. Rc8+ Rd8
21. Rxd8+ Kxd8 22. Qd4 1-0

[Event "Østlandsserien 4B"]
[Site ""]
[Date "2000.02.13"]
[Round "4.3"]
[White "Skaug, Thorbjørn"]
[Black "Stene, Sigurd"]
[Result "0-1"]
[WhiteElo "1346"]
[BlackElo "1613"]
[PlyCount "75"]
[WhiteTeam "Follo 4"]
[BlackTeam "Moss 1"]

1. b4 e6 2. Bb2 Nf6 3. b5 c6 4. c4 d5 5. e3 cxb5 6. cxb5 Nbd7 7. Nf3 Bd6 8. Nc3
O-O 9. Be2 Ne4 10. Nxe4 dxe4 11. Nd4 Be5 12. Qc2 Bxd4 13. Bxd4 e5 14. Bb2 f5
15. Bc4+ Kh8 16. O-O Qf6 17. f4 exf3 18. Rxf3 Nb6 19. Bb3 Be6 20. Bxe6 Qxe6 21.
a4 Rac8 22. Qd1 Kg8 23. Qb1 e4 24. Rg3 g6 25. h4 Qd6 26. Qa2+ Rf7 27. Rh3 Qxd2
28. Rb1 Rc2 29. Rg3 Nc4 30. h5 Rxb2 31. Rxb2 Nxb2 32. hxg6 hxg6 33. Rxg6+ Kf8
34. Qa3+ Re7 35. Rf6+ Ke8 36. Rxf5 Nc4 37. Qa1 Qxe3+ 38. Rf2 {og hvit ga opp
etter ytterligere ca 15 trekk} 0-1

[Event "Østlandsserien 4B"]
[Site ""]
[Date "2000.02.13"]
[Round "4.4"]
[White "Andersen, Espen"]
[Black "Delphin, Nils Håkon"]
[Result "1-0"]
[WhiteElo "1465"]
[BlackElo "1130"]
[PlyCount "109"]
[WhiteTeam "Moss 1"]
[BlackTeam "Follo 4"]

1. e4 e5 2. Nf3 Nc6 3. Bc4 Bc5 4. d3 d6 5. Nc3 Nf6 6. Bg5 h6 7. Bh4 Bd7 8. Nd5
Nd4 9. Nxf6+ gxf6 10. Nxd4 Bxd4 11. c3 Bb6 12. Qf3 Rg8 13. Bxf6 Bg4 14. Qxg4
Rxg4 15. Bxd8 Rxd8 16. g3 Ke7 17. a4 c6 18. a5 Bc7 19. f3 Rg6 20. Ke2 Rf8 21.
b4 Bd8 22. Rhf1 Kd7 23. f4 f6 24. Be6+ Ke8 25. Bc8 Rg7 26. fxe5 fxe5 27. Rxf8+
Kxf8 28. Rf1+ Ke8 29. Rf5 Rc7 30. Be6 Bg5 31. h4 Bc1 32. Rf1 Bb2 33. Kd2 c5 34.
Kc2 Ba3 35. b5 c4 36. Bxc4 Bc5 37. Rf6 Rh7 38. Kd2 Ke7 39. Rf5 b6 40. a6 Bg1
41. Ke2 Bc5 42. Bd5 Rg7 43. Kf3 Ba3 44. g4 Bb2 45. Rh5 Bc1 46. d4 Bf4 47. dxe5
dxe5 48. c4 Kd6 49. Rf5 Kc5 50. Rf8 h5 51. g5 Rh7 52. Rf7 Rxf7 53. Bxf7 Kd6 54.
Bxh5 Ke6 55. c5 1-0

[Event "Østlandserien 1998/1999, 1. div"]
[Site "?"]
[Date "1998.11.07"]
[Round "1.1"]
[White "Øgaard, Leif"]
[Black "Berg, Johan"]
[WhiteElo "2349"]
[BlackElo "2223"]
[WhiteTeam "Follo 1"]
[BlackTeam "Tempo 1"]
[Result "1-0"]

1. d4 g6 2. c4 Bg7 3. Nf3 d6 4. Nc3 Nf6 5. Bg5 h6 6. Bh4 c5 7. e3 cxd4 8. exd4 g5 
9. Bg3 Nh5 10. Be2 Bf5 11. O-O Qd7 12. Re1 Nxg3 13. hxg3 Nc6 14. d5 Ne5 15. Nd4 Bg6 
16. f4 gxf4 17. gxf4 Nd3 18. Bxd3 Bxd4+ 19. Kh1 Bxc3 20. bxc3 Rg8 21. Bf1 h5 22. Qd4 b6 
23. a4 Qc7 24. Ra2 Kf8 25. a5 bxa5 26. Rea1 Qb6 27. Rxa5 Qxd4 28. cxd4 Be4 29. Rxa7 Rxa7 
30. Rxa7 Rg4 31. Kg1 Rxf4 32. Ra2 Kg7 33. Rd2 Bg6 34. Be2 Be4 35. Bxh5 Kh6 36. Bd1 Kg5
37. Bb3 Kh4 38. Rf2 Kg3 39. Rxf4 Kxf4 40. Kf2 e6 41. dxe6 fxe6 42. c5 dxc5 43. dxc5 e5 
44. g3+ Kf5 45. Bd1 Bc6 46. Ke3 e4 47. Kd4 Kf6 48. Bg4 Kg5 49. Bc8 Kf6 50. Ke3 Kg6 
51. Kf4 Kf6 52. Bg4 Bd5 53. Bf5 e3 54. Bd3 Ke6 55. Bf5+ Kf6 56. Bg4 Bc6 1-0

[Event "Østlandserien 1998/1999, 1. div"]
[Site "?"]
[Date "1998.11.07"]
[Round "1.2"]
[White "Hansen, Torbjørn Ringdal"]
[Black "Semakoff, Aleks"]
[Result "1/2-1/2"]
[WhiteElo "2293"]
[BlackElo "2091"]
[PlyCount "43"]
[EventDate "1998.??.??"]
[WhiteTeam "Tempo 1"]
[BlackTeam "Follo 1"]

1. c4 e6 2. g3 d5 3. Bg2 Nf6 4. Nf3 Be7 5. O-O O-O 6. b3 c5 7. cxd5 exd5 8. d4
Nc6 9. Bb2 Re8 10. Nbd2 Bg4 11. Rc1 cxd4 12. h3 Bh5 13. g4 Bg6 14. Nxd4 Nxd4
15. Bxd4 Ba3 16. Ra1 Rc8 17. Nb1 Bb4 18. a3 Bc2 19. Qc1 Bg6 20. Qd1 Bc2 21. Qc1
Bg6 22. Qd1 1/2-1/2

[Event "Østlandsserien 1998/1999, 1. div"]
[Site "?"]
[Date "1998.11.07"]
[Round "1.4"]
[White "Henriksen, Geir Ivar"]
[Black "Kleppe, Johannes"]
[Result "1-0"]
[WhiteElo "2068"]
[BlackElo "2103"]
[PlyCount "73"]
[EventDate "1998.??.??"]
[WhiteTeam "Tempo 1"]
[BlackTeam "Follo 1"]

1. d4 Nf6 2. c4 e6 3. Nf3 d5 4. Nc3 Nbd7 5. Bg5 c6 6. e3 Qa5 7. Nd2 Bb4 8. Qc2
dxc4 9. Bxf6 Nxf6 10. Nxc4 Qc7 11. a3 Be7 12. Bd3 O-O 13. O-O h6 14. Rac1 Rd8
15. Rfd1 Ng4 16. g3 e5 17. d5 cxd5 18. Nxd5 Rxd5 19. Bh7+ Kh8 20. Rxd5 Nf6 21.
Be4 Nxd5 22. Bxd5 Bh3 23. Qe4 Rd8 24. Bxb7 Qd7 25. Qf3 Bf6 26. Bc6 Qe6 27. Be4
Bg4 28. Qg2 Bh3 29. Qf3 Bg4 30. Qh1 Bh3 31. Bg2 Qxc4 32. Rf1 Be6 33. h4 Rd2 34.
Be4 Rxb2 35. Rd1 Rb8 36. Qf3 Kg8 37. Kg2 1-0

[Event "Østlandsserien 1998/1999, 1. div"]
[Site "?"]
[Date "1998.11.07"]
[Round "1.6"]
[White "Thorgersen, Trond M"]
[Black "Øgaard, Henning"]
[Result "1-0"]
[WhiteElo "2045"]
[BlackElo "1664"]
[PlyCount "97"]
[EventDate "1998.??.??"]
[WhiteTeam "Tempo 1"]
[BlackTeam "Follo 1"]

1. e4 c5 2. c3 e6 3. d4 d5 4. exd5 exd5 5. Bb5+ Bd7 6. Qe2+ Be7 7. dxc5 Nf6 8.
Be3 O-O 9. Nd2 Re8 10. Nb3 a6 11. Bd3 Bc6 12. O-O-O Nbd7 13. Qf1 Ba4 14. g4
Bxb3 15. axb3 Bxc5 16. g5 Bxe3+ 17. fxe3 Ne4 18. Bxe4 dxe4 19. Qf5 Re7 20. Ne2
Qc7 21. Nf4 Qc5 22. Nd5 Re6 23. Rhf1 Rf8 24. Nf6+ gxf6 25. Rxd7 Qxe3+ 26. Kb1
Qxg5 27. Qxg5+ fxg5 28. Rf5 h6 29. Rxb7 Kg7 30. Rd5 Kg6 31. c4 f5 32. c5 f4 33.
Rb6 Rxb6 34. cxb6 Rf6 35. b7 Rb6 36. Rd7 Rxb3 37. Kc2 Rb6 38. Rd6+ Rxd6 39.
b8=Q Re6 40. Qg8+ Kf6 41. Qf8+ Kg6 42. h4 e3 43. h5+ Kxh5 44. Qf7+ Rg6 45. Kd3
g4 46. Ke4 Kg5 47. Qf5+ Kh4 48. Qxg6 e2 49. Kxf4 1-0

[Event "Østlandsserien 1998/1999, 3. div. B"]
[Site "Oslo NOR"]
[Date "1998.11.08"]
[Round "1"]
[White "Unnli, Matti"]
[Black "Furnes, Torstein"]
[Result "1-0"]
[WhiteElo "1661"]
[BlackElo "1484"]
[PlyCount "61"]
[EventDate "1998.11.08"]
[Board "4"]
[WhiteTeam "SK 1911 2"]
[BlackTeam "Follo 3"]

1. e4 c5 2. Nf3 Nc6 3. d4 cxd4 4. Nxd4 e5 5. Nb3 Nf6 6. Bd3 d5 7. exd5 Qxd5 8.
O-O Bg4 9. f3 Bh5 10. Nc3 Qd7 11. Bg5 Be7 12. Kh1 O-O 13. Bxf6 Qe6 14. Bxe7
Qxe7 15. Qe1 f5 16. Be2 f4 17. Qf2 Qg5 18. Ne4 Qh6 19. c3 g5 20. Rad1 Rf7 21.
Rd6 Qg7 22. Bc4 Kh8 23. Bxf7 Bxf7 24. Rfd1 h5 25. Nbc5 Ne7 26. Rd8+ Rxd8 27.
Rxd8+ Kh7 28. Rd7 Bxa2 29. b3 Bb1 30. Qe1 Bc2 31. Ne6 1-0